| 000 | 00590nam a2200181Ia 4500 | ||
|---|---|---|---|
| 008 | 100122s9999 xx 000 0 und d | ||
| 082 |
_b62068 _a986 |
||
| 100 | _aGUIDONI ENRICO | ||
| 245 | _aTHE ANDES ( वाचनालय क.क्र.9 ) | ||
| 250 | _a0 | ||
| 260 |
_bCASSELL & CO LTD _c1977 |
||
| 300 | _a189 | ||
| 520 | _aP.P.R वाचनालय क.क्र.9 | ||
| 620 | _aP.P.R वाचनालय क.क्र.9 | ||
| 630 | _aTHE ANDES ( वाचनालय क.क्र.9 ) | ||
| 730 | _aTHE ANDES ( वाचनालय क.क्र.9 ) | ||
| 942 | _cBOOK | ||
| 999 |
_c378628 _d378625 |
||